000 00794nam a2200181Ia 4500
008 100122s9999 xx 000 0 und d
082 _b3812
_a294.5923
100 _aजोशी न ग
245 _aसार्थ सटीक महाभारत भाग - भीष्मपर्व-8 वा
250 _a0
260 _bदामोदर सावळाराम आणि कंपंनी
_c1937
300 _a570
520 _aमाळयावर- गठ्ठा-1
620 _aमाळयावर- गठ्ठा-1
630 _aसार्थ सटीक महाभारत भाग - भीष्मपर्व-8 वा
730 _aसार्थ सटीक महाभारत भाग - भीष्मपर्व-8 वा
942 _cBOOK
999 _c397689
_d397686